| 000 | 00532nam a22001577a 4500 | ||
|---|---|---|---|
| 008 | 150525b xxu||||| |||| 00| 0 eng d | ||
| 020 | _a9788131416617 | ||
| 050 | _aHG 173 .G85 2008 | ||
| 100 |
_aGulati, Ved Prakash _d2008 |
||
| 245 |
_aFinancial technology management/ _cVed P. Gulati and Shilpa Srivastava |
||
| 260 |
_aIndia: _bI.U.P., _c2008. |
||
| 300 |
_aix, 372p. _bIncludes bibliography and index |
||
| 650 | _aIndustrial management | ||
| 700 | _aSrivastava, Shilpa | ||
| 942 |
_2lcc _cBOOKS _hHG 173 .G85 2008 |
||
| 999 |
_c1168 _d1168 |
||